A banki digitalizáció felhasználói szemmel

Bibliográfiai részletek
Szerző: Andó Krisztina
További közreműködők: Keresztes Dr. Éva Réka
Dokumentumtípus: Diplomadolgozat
Kulcsszavak:bank
bank informatikai rendszerei
digitalizáció
kérdőív
robotok
Online Access:http://dolgozattar.uni-bge.hu/60392

MARC

LEADER 00000nta a2200000 i 4500
001 dolg60392
005 20260409150526.0
008 260409suuuu hu om 000 hun d
040 |a BGE Dolgozattár Repozitórium  |b hun 
041 |a hu 
100 1 |a Andó Krisztina 
245 1 2 |a A banki digitalizáció felhasználói szemmel  |c Andó Krisztina  |h [elektronikus dokumentum] 
520 3 |a A jelen dolgozat célja a vállalati digitalizáció, különös tekintettel a bankszektorra gyakorolt hatásának átfogó elemzése, fókuszálva a modern technológiai megoldásokra, az adatkezelésre és a biztonsági kihívásokra. A kutatás feltárja a digitális banki rendszerek evolúcióját, a hazai és nemzetközi trendeket, valamint azonosítja a szektor legfontosabb kiberbiztonsági kockázatait és a szabályozási környezet (GDPR) elvárásait.A munka hangsúlyos részét képezik a modern adattárolási megoldások (felhőalapú rendszerek, SQL/NoSQL adatbázisok) és a Robotikus Folyamatautomatizálás (RPA) technológiák. A dolgozat részletesen bemutatja ezen eszközök szerepét a hatékonyság növelésében, a költségek csökkentésében, valamint azt, hogyan működik együtt az adattárolás és az RPA az adatok hatékony kezelése és elemzése érdekében.A bemutatott kutatásmódszertan alapján elért gyakorlati eredmények igazolják, hogy az integrált digitális rendszerek bevezetése kulcsfontosságú a bankszektor versenyképességének fenntartásához, miközben a biztonság és a megfelelőség folyamatos kihívást jelent. A dolgozat összegzése rávilágít a digitális transzformáció stratégiai jelentőségére az ügyfelek szempontjából. 
695 |a bank 
695 |a bank informatikai rendszerei 
695 |a digitalizáció 
695 |a kérdőív 
695 |a robotok 
700 1 |a Keresztes Dr. Éva Réka  |e ths 
856 4 0 |u http://dolgozattar.uni-bge.hu/60392/1/A%20banki%20digitaliz%C3%A1ci%C3%B3%20felhaszn%C3%A1l%C3%B3i%20szemmel.pdf  |z Dokumentum-elérés 
856 4 0 |u http://dolgozattar.uni-bge.hu/60392/2/biralatilap_alap_mester%202%20And%C3%B3%20Krisztina.pdf  |z Dokumentum-elérés